Catathelasma

Bibliographic Details
Format: Journal
Language:English
PhysicalDescription:zv. 21 cm
Published: Bratislava Slovenská mykologická spoločnosť 2001-2013, 2015-2018, 2020-
ISSN:1335-7670
Subjects:

MARC

LEADER 00000cas a2200000 a 4500
001 vtls008881476
003 SK-MaSNL
005 20260228162148.0
008 010625c20019999xo x p 0 0 b0eng
022 |a 1335-7670 
035 |a (SVKBB03)vtls000071143 
040 |a SVKBB  |b slo  |c SVKBB  |d SAVUK  |d SNK  |e AACR2 
041 0 |a eng  |b slo  |b cze 
044 |a xo  |c SK 
072 7 |a 58  |x Botanika  |2 konspekt 
072 7 |a 582  |x Systematická botanika  |2 konspekt 
080 |a 582.28  |2 2011 
080 |a 050  |2 2011 
080 |a (051)-027.561  |2 2011 
080 |a (051)-048.55  |2 2011 
210 0 |a Catathelasma 
222 0 |a Catathelasma 
245 0 0 |a Catathelasma 
246 3 3 |a Catathelasma  |b a journal on biodiversity, taxonomy and conservation of fungi 
260 |a Bratislava  |b Slovenská mykologická spoločnosť  |c 2001-2013, 2015-2018, 2020- 
300 |a zv.  |c 21 cm 
310 |a Nepravidelne 
500 |a V r. 2010, 2014, 2019, 2021, 2022 časopis nevydali 
500 |a Podnázov od r. 2006: a journal on biodiversity, taxonomy and conservation of fungi 
515 |a Časopis má priebežné číslovanie 
546 |a Res. slov., čes. 
550 |a Vydala Slovenská mykologická spoločnosť v spolupráci so SAV 
650 0 7 |a huby  |2 SNKPH  |9 3562 
650 0 7 |a mykológia  |2 SNKPH  |9 20345 
650 0 7 |a Mushrooms  |2 SNKPHeng  |9 270497 
650 0 7 |a Mycology  |2 SNKPHeng  |9 270498 
655 7 |a odborné časopisy  |2 SNKPH  |9 70505 
655 7 |a špecializované časopisy  |2 SNKPH  |9 70509 
655 7 |a Professional journals  |2 SNKPHeng  |9 265007 
655 7 |a Specialized magazines  |2 SNKPHeng  |9 266103 
710 2 |a Slovenská mykologická spoločnosť  |4 pbl  |9 74636 
710 2 |a Slovenská akadémia vied.  |b Centrum biológie rastlín a biodiverzity.  |b Botanický ústav  |4 pbl  |9 119648 
910 |a savuk 
910 |a snk 
999 |c 6993  |d 8923 
952 |0 0  |1 0  |3 -spolu zviazané r. 2001-2005  |4 0  |7 0  |8 0  |a SNK  |b SNK  |d 2023-04-18  |i snk2023/6221  |l 0  |o snkČSC 4235/2001  |p 17A1520135  |r 2026-02-21 19:47:57  |t č. 1-2, neúplné  |w 2026-02-21  |y PREZ  |z Chýba č. 1 ; -spolu zviazané r. 2001-2005 
952 |0 0  |1 0  |3 -spolu zviazané r. 2001-2005  |4 0  |7 0  |8 0  |a SNK  |b SNK  |d 2023-04-18  |i snk2023/6221  |l 0  |o snkČSC 4235/2002  |p 17A1520134  |r 2026-02-21 19:47:57  |t č. 3  |w 2026-02-21  |y PREZ  |z -spolu zviazané r. 2001-2005 
952 |0 0  |1 0  |3 -spolu zviazané r. 2001-2005  |4 0  |7 0  |8 0  |a SNK  |b SNK  |d 2023-04-18  |i snk2023/6221  |l 0  |o snkČSC 4235/2003  |p 17A1520133  |r 2026-02-21 19:47:57  |t č. 4  |w 2026-02-21  |y PREZ  |z -spolu zviazané r. 2001-2005 
952 |0 0  |1 0  |3 -spolu zviazané r. 2001-2005  |4 0  |7 0  |8 0  |a SNK  |b SNK  |d 2023-04-18  |i snk2023/6221  |l 0  |o snkČSC 4235/2004  |p 17A1520132  |r 2026-02-21 19:47:57  |t č. 5  |w 2026-02-21  |y PREZ  |z -spolu zviazané r. 2001-2005 
952 |0 0  |1 0  |3 -spolu zviazané r. 2001-2005  |4 0  |7 0  |8 0  |a SNK  |b SNK  |d 2023-04-18  |i snk2023/6221  |l 0  |o snkČSC 4235/2005  |p 17A1520131  |r 2026-02-21 19:47:57  |t č. 6  |w 2026-02-21  |y PREZ  |z -spolu zviazané r. 2001-2005 
952 |0 0  |1 0  |3 -spolu zviazané r. 2006-2009  |4 0  |7 0  |8 0  |a SNK  |b SNK  |d 2023-04-18  |i snk2023/6227  |l 0  |o snkČSC 4235/2006  |p 17A1520130  |r 2026-02-21 19:47:57  |t č. 7-8  |w 2026-02-21  |y PREZ  |z -spolu zviazané r. 2006-2009 
952 |0 0  |1 0  |3 -spolu zviazané r. 2006-2009  |4 0  |7 0  |8 0  |a SNK  |b SNK  |d 2023-04-18  |i snk2023/6227  |l 0  |o snkČSC 4235/2007  |p 17A1520129  |r 2026-02-21 19:47:57  |t č. 9  |w 2026-02-21  |y PREZ  |z -spolu zviazané r. 2006-2009 
952 |0 0  |1 0  |3 -spolu zviazané r. 2006-2009  |4 0  |7 0  |8 0  |a SNK  |b SNK  |d 2023-04-18  |i snk2023/6227  |l 0  |o snkČSC 4235/2008  |p 17A1520128  |r 2026-02-21 19:47:57  |t č. 10  |w 2026-02-21  |y PREZ  |z -spolu zviazané r. 2006-2009 
952 |0 0  |1 0  |3 -spolu zviazané r. 2006-2009  |4 0  |7 0  |8 0  |a SNK  |b SNK  |d 2023-04-18  |i snk2023/6227  |l 0  |o snkČSC 4235/2009  |p 17A1520127  |r 2026-02-21 19:47:58  |t č. 11  |w 2026-02-21  |y PREZ  |z -spolu zviazané r. 2006-2009 
952 |0 0  |1 0  |3 -spolu zviazané r. 2011-2013  |4 0  |7 0  |8 0  |a SNK  |b SNK  |d 2023-04-18  |i snk2023/6230  |l 0  |o snkČSC 4235/2011  |p 17A1520126  |r 2026-02-21 19:47:58  |t č. 12-13  |w 2026-02-21  |y PREZ  |z -spolu zviazané r. 2011-2013 
952 |0 0  |1 0  |3 -spolu zviazané r. 2011-2013  |4 0  |7 0  |8 0  |a SNK  |b SNK  |d 2023-04-18  |i snk2023/6230  |l 0  |o snkČSC 4235/2012  |p 17A1520125  |r 2026-02-21 19:47:58  |t č. 14  |w 2026-02-21  |y PREZ  |z -spolu zviazané r. 2011-2013 
952 |0 0  |1 0  |3 -spolu zviazané r. 2011-2013  |4 0  |7 0  |8 0  |a SNK  |b SNK  |d 2023-04-18  |i snk2023/6230  |l 0  |o snkČSC 4235/2013  |p 17A1520124  |r 2026-02-21 19:47:58  |t č. 15  |w 2026-02-21  |y PREZ  |z -spolu zviazané r. 2011-2013 
952 |0 0  |1 0  |3 -spolu zviazané r. 2015-2018  |4 0  |7 0  |8 0  |a SNK  |b SNK  |d 2023-04-18  |i snk2023/6236  |l 0  |o snkČSC 4235/2015  |p 17A1520123  |r 2026-02-21 19:47:58  |t č. 16  |w 2026-02-21  |y PREZ  |z -spolu zviazané r. 2015-2018 
952 |0 0  |1 0  |3 -spolu zviazané r. 2015-2018  |4 0  |7 0  |8 0  |a SNK  |b SNK  |d 2023-04-18  |i snk2023/6236  |l 0  |o snkČSC 4235/2016  |p 17A1520122  |r 2026-02-21 19:47:58  |t č. 17  |w 2026-02-21  |y PREZ  |z -spolu zviazané r. 2015-2018 
952 |0 0  |1 0  |3 -spolu zviazané r. 2015-2018  |4 0  |7 0  |8 0  |a SNK  |b SNK  |d 2023-04-18  |i snk2023/6236  |l 0  |o snkČSC 4235/2017  |p 17A1520121  |r 2026-02-21 19:47:58  |t č. 18  |w 2026-02-21  |y PREZ  |z -spolu zviazané r. 2015-2018 
952 |0 0  |1 0  |3 -spolu zviazané r. 2015-2018  |4 0  |7 0  |8 0  |a SNK  |b SNK  |d 2023-04-18  |i snk2023/6236  |l 0  |o snkČSC 4235/2018  |p 17A1520120  |r 2026-02-21 19:47:59  |t č. 19  |w 2026-02-21  |y PREZ  |z -spolu zviazané r. 2015-2018 
952 |0 0  |1 0  |4 0  |7 0  |8 0  |a SNK  |b SNK  |d 2023-04-18  |i snk2023/6239  |l 0  |o snkČSC 4235/2020  |p 17A1520119  |r 2026-02-21 19:47:59  |t č. 20-21  |w 2026-02-21  |y PREZ 
952 |0 0  |1 0  |4 0  |7 0  |8 0  |a SNK  |b SNK  |d 2023-08-08  |i snk2023/11837  |l 0  |o snkČSC 4235/2001 D1  |p 17A1520736  |r 2026-02-21 19:58:17  |t č. 1-2, neúplné  |w 2026-02-21  |y PREZ  |z Chýba č. 1 
952 |0 0  |1 0  |4 0  |7 0  |8 0  |a SNK  |b SNK  |d 2023-08-08  |i snk2023/11839  |l 0  |o snkČSC 4235/2002 D1  |p 17A1520737  |r 2026-02-21 19:58:17  |t č. 3  |w 2026-02-21  |y PREZ 
952 |0 0  |1 0  |4 0  |7 0  |8 0  |a SNK  |b SNK  |d 2023-08-08  |i snk2023/11841  |l 0  |o snkČSC 4235/2003 D1  |p 17A1520738  |r 2026-02-21 19:58:17  |t č. 4  |w 2026-02-21  |y PREZ 
952 |0 0  |1 0  |4 0  |7 0  |8 0  |a SNK  |b SNK  |d 2023-08-08  |i snk2023/11843  |l 0  |o snkČSC 4235/2004 D1  |p 17A1520739  |r 2026-02-21 19:58:17  |t č. 5  |w 2026-02-21  |y PREZ 
952 |0 0  |1 0  |4 0  |7 0  |8 0  |a SNK  |b SNK  |d 2023-08-08  |i snk2023/11849  |l 0  |o snkČSC 4235/2005 D1  |p 17A1520740  |r 2026-02-21 19:58:17  |t č. 6  |w 2026-02-21  |y PREZ 
952 |0 0  |1 0  |4 0  |7 0  |8 0  |a SNK  |b SNK  |d 2023-08-08  |i snk2023/11850  |l 0  |o snkČSC 4235/2006 D1  |p 17A1520741  |r 2026-02-21 19:58:17  |t č. 7-8  |w 2026-02-21  |y PREZ 
952 |0 0  |1 0  |4 0  |7 0  |8 0  |a SNK  |b SNK  |d 2023-08-08  |i snk2023/11851  |l 0  |o snkČSC 4235/2015 D1  |p 17A1520742  |r 2026-02-21 19:58:18  |t č. 16  |w 2026-02-21  |y PREZ 
952 |0 0  |1 0  |4 0  |7 0  |8 0  |a SNK  |b SNK  |d 2023-08-08  |i snk2023/11852  |l 0  |o snkČSC 4235/2016 D1  |p 17A1520743  |r 2026-02-21 19:58:18  |t č. 17  |w 2026-02-21  |y PREZ 
952 |0 0  |1 0  |4 0  |7 0  |8 0  |a SNK  |b SNK  |d 2023-08-08  |i snk2023/11853  |l 0  |o snkČSC 4235/2017 D1  |p 17A1520744  |r 2026-02-21 19:58:18  |t č. 18  |w 2026-02-21  |y PREZ 
952 |0 0  |1 0  |4 0  |7 0  |8 0  |a SNK  |b SNK  |d 2023-08-08  |i snk2023/11854  |l 0  |o snkČSC 4235/2018 D1  |p 17A1520745  |r 2026-02-21 19:58:18  |t č. 19  |w 2026-02-21  |y PREZ 
952 |0 0  |1 0  |4 0  |7 0  |8 0  |a SNK  |b SNK  |d 2023-08-08  |i snk2023/11855  |l 0  |o snkČSC 4235/2020 D1  |p 17A1520746  |r 2026-02-21 19:58:18  |t č. 20-21, neúplné  |w 2026-02-21  |y PREZ  |z Chýba č. 21